60's Songs by Lyrics - Statistics

General Stats
  • This quiz has been taken 213 times
    200 since last reset
  • The average score is 8 of 15
Answer Stats
Lyrics Song % Correct
There is a house in New Orleans House of the Rising Sun
86%
I see trees of green, red roses too What a Wonderful World
85%
In the jungle, the mighty jungle The Lion Sleeps Tonight
78%
All the leaves are brown and the sky is grey California Dreamin'
76%
Hands, Touchin' hands Sweet Caroline
75%
All my troubles seemed so far away Yesterday
75%
Let me see what spring is like on Jupiter and Mars Fly Me to the Moon
53%
Yes, there were times, I'm sure you knew when I bit off more than I could chew My Way
52%
You are my candy girl and you got me wanting you Sugar Sugar
44%
Love is a burning thing Ring of Fire
37%
Walking down the street … the kind I'd like to meet Oh, Pretty Woman
34%
Shall I stay? Would it be a sin? Can't Help Falling In Love
30%
I love you, baby and if it's quite alright I need you, baby Can't Take My Eyes Off You
28%
Don't know when I'll be back again Leaving on a Jet Plane
23%
Hold me in your arms, baby Put Your Head On My Shoulder
9%
No matching quizzes found
Score Distribution
Percent of People with Each Score
Percentile by Number Answered
Your Score History
You have not taken this quiz since the last reset